000 00335nam a2200133Ia 4500
008 240624s9999 xx 000 0 und d
041 _aeng
082 _a338 INN
100 _aINNOCENTI ALESSANDRO
245 _aNEUROSCIENCE AND THE ECONOMICS OF DECISI
260 _c2012
_aLondon
_bRoutledge
300 _a224 : p.
365 _cGBP
_b28
999 _c21766
_d21766